| 000 | 00541nam a2200157 a 4500 | ||
|---|---|---|---|
| 008 | 120416s1968 ||||||||||||||||| || u | ||
| 050 | _aT 396 Cla | ||
| 100 | _aRockwell, E | ||
| 245 | 1 | 0 | _aExhibitions, exhibits |
| 246 | _aindustrial and trade fairs | ||
| 260 |
_aLondon _bThe Architectural Press _c1968 |
||
| 300 | _a208p. : ill. | ||
| 350 | _a0.00 | ||
| 700 | _aClasen, Wolfgang | ||
| 995 |
_D0.00 _FCBU-MAIN LIBRARY (Kitwe) _H1 _I26.00 _M1 _UAVAILABLE _ZMain Library Open Access Collection |
||
| 999 |
_c42857 _d42857 |
||